Random Countries Without Vowels #2 - Statistics

General Stats
  • This quiz has been taken 19 times
    7 since last reset
  • The average score is 26 of 30
Answer Stats
Without Vowels Country % Correct
CST RC Costa Rica
100%
GYPT Egypt
100%
HT Haiti
100%
JPN Japan
100%
KNY Kenya
100%
KWT Kuwait
100%
LBNN Lebanon
100%
MLYS Malaysia
100%
NRWY Norway
100%
PRTGL Portugal
100%
STH FRC South Africa
100%
STH KR South Korea
100%
SWTZRLND Switzerland
100%
THLND Thailand
100%
TRKY Turkey
100%
RGNTN Argentina
83%
BRBDS Barbados
83%
CLMB Colombia
83%
CRT Croatia
83%
DMCRTC RPBLC F TH CNG Democratic Republic of the Congo
83%
FJ Fiji
83%
GRC Greece
83%
LSTH Lesotho
83%
MLW Malawi
83%
MNTNGR Montenegro
83%
ZMBBW Zimbabwe
83%
MRTN Mauritania
67%
TRKMNSTN Turkmenistan
50%
GND Uganda
33%
NTD RB MRTS United Arab Emirates
17%
No matching quizzes found
Score Distribution
Percent of People with Each Score
Percentile by Number Answered
Your Score History
You have not taken this quiz since the last reset